000 00500nam a22001937a 4500
003 MPLRDC
005 20220104142424.0
008 210129b ||||| |||| 00| 0 eng d
020 _a957-679-367-X
082 _a177.2 WDR-3
100 _a吴淡如
245 _a人生以快乐为目的
_c
250 _a五十二刷
260 _a
_b方智出版社股份有限公司
_c1997
300 _b
490 _a自我开拓. 31
650 _a应用心理学--成功法
942 _cBK
_o177.2 WDR-3
999 _c30780
_d30770